| 000 | 00700nam a22002057a 4500 | ||
|---|---|---|---|
| 999 |
_c19439 _d19439 |
||
| 003 | AR-CdUCM | ||
| 008 | 190517b ||||| |||| 00| 0 spa d | ||
| 040 |
_aMUNICIPALIDAD PROVINCIAL DEL CUSCO _cBIBLIOTECA MUNICIPAL DEL CUSCO |
||
| 082 |
_a146 / _bW82 |
||
| 100 |
_aWolfe, Bertram D. _940765 |
||
| 245 | _aMarxismo / | ||
| 260 |
_aBuenos Aires : _bTroquel, _c1967. |
||
| 300 |
_a445 páginas ; _c22 cm. |
||
| 505 | _aContenido: ¿Nacionalismo o internacionalismo? -- ¿Defendismo, derrotismo o Fascismo? -- La comuna de París: una revolución ambigua... | ||
| 650 |
_aSocialismo _91037 |
||
| 650 |
_aMarx _94291 |
||
| 650 |
_aAlemania _91327 |
||
| 942 |
_2ddc _cLIBROS |
||
| 945 |
_adavv _d2019-05-17 |
||